000
00229nam a2200097Ia 4500
008
231212s2001 xx 000 0 und d
041
_a
eng
100
_a
Sedha R.S.
245
_a
Apllied Electronics
260
_a
Pune
_b
S.Chand
_c
2001
999
_c
967635
_d
967635